000 00446nam a2200181Ia 4500
001 4746
005 20260306145818.0
008 260306t2000||||xx |||||||||||||| ||spa||
041 _aESP
082 _a330.015195
_bM86
100 _aMoreno Serrano, Rosina
_eAUT
245 0 _aTécnicas econométricas para el tratamiento de datos espaciales
260 _c2000
300 _a
_c
650 _aGEN
654 _aCAN
942 _cLIB
_dJUS
_fJUS
_2ddc
_n
999 _c4746
_d4746